| 000 | 00555nam a2200193 a 4500 | ||
|---|---|---|---|
| 005 | 20140310183439.0 | ||
| 008 | 080226s19uu xx 00 eng d | ||
| 020 | _a184112222x | ||
| 050 |
_aHD 69.P75 _b.D311 2002 |
||
| 100 | _aDeeprose, Donna | ||
| 245 |
_aProject management / _cDonna Deeprose |
||
| 260 |
_aUnited Kingdom : _bCapstone Publishing, _c2002. |
||
| 300 |
_a118 p. : _c18 cm. |
||
| 521 | _aBSBA | ||
| 650 | _aInformation resource management. | ||
| 650 |
_aInformation technology _xManagement. |
||
| 942 |
_cBK _2lcc _kFOR |
||
| 999 |
_c23014 _d23014 |
||